Minecraft: Boats by Picture - Statistics

General Stats
  • This quiz has been taken 133 times
    92 since last reset
  • The average score is 10 of 11
Answer Stats
Picture Hint Answer % Correct
Dark Oak Boat
95%
Birch Boat
92%
Oak Boat
92%
April Fools' Day joke Obsidian Boat
92%
Bamboo Raft
91%
Cherry Boat
91%
Spruce Boat
90%
Acacia Boat
86%
Jungle Boat
82%
Mangrove Boat
79%
Pale Oak Boat
64%
No matching quizzes found
Score Distribution
Percent of People with Each Score
Percentile by Number Answered
Your Score History
You have not taken this quiz since the last reset